Joueurs de champ ayant le plus de minutes Ligue 1 (2022-2023) - Statistiques

Statistiques générales
  • Ce quiz a été pris 36 fois
  • Le résultat moyen est 11 sur 20
Statistiques - réponses
Club+ Poste Nom du joueur % Correct
11e Lille ATT/ 3180 min David
94%
20 Lens MIL/ 3079 min Fofana
89%
7e Nice DEF/ 3300 min Dante
86%
8e Lens DEF/ 3234 min Danso
77%
3e Monaco DEF/ 3331 min Disasi
77%
19e Rennes MIL/ 3086 min Bourigeaud
74%
18e Monaco MIL/ 3089 min Fofana
74%
5e Reims DEF/ 3330 min Abdelhamid
69%
13e Rennes DEF/ 3129 min Theate
69%
12e Nantes DEF/ 3155 min Girotto
57%
1er Lorient DEF/ 3420 min Talbi
51%
6e Toulouse DEF/ 3316 min Rouault
43%
14e Toulouse MIL/ 3124 min Spierings
43%
4e Lorient DEF/ 3330 min Le Goff
37%
2e Auxerre MIL/ 3404 min Touré
37%
9e Auxerre DEF/ 3217 min Jubal
34%
17e Brest DEF/ 3094 min Brassier
20%
10e Troyes DEF/ 3194 min Palmer-Brown
20%
15e Clermont DEF/ 3120 min Wieteska
9%
16e Angers DEF/ 3098 min Hountondji
3%
Aucun quiz correspondant
Distribution des résultats
% des personnes avec chaque résultat
Percentile par nombre de réponses
Votre historique - résultats
Vous n’avez pas pris ce quiz